00759nam a2200145Ia 4500008004100000020001800041245012400059260002200183440004700205650022000252650000800472856004100480999001900521952007300540171212s9999 xx 000 0 und d a9781760461058 ceditor McDonnell, Siobhan;Allen, Matthew;Filer, ColinaKastom, property and ideologybLand transformations in Melanesia bANU E Pressc2017 aState, Society and Governance in Melanesia aLand use, Urban -- Melanesia; Land tenure -- Melanesia; Land reform -- Melanesia -- Political aspects; Religion and culture -- Melanesia; Melanesia -- Religious life and customs; Melanesia -- Social life and customs aLaw uhttp://jstor.org/stable/j.ctt1pwtd1p c351181d351181 001040aCLbCLd2017-12-12l0r2017-12-12 00:00:00w2017-12-12yCBE